Minimise the risks (Record no. 68704)
[ view plain ]
| 000 -LEADER | |
|---|---|
| fixed length control field | 01249cam a2200277 4500 |
| 001 - CONTROL NUMBER | |
| control field | ABS64729 |
| 008 - FIXED-LENGTH DATA ELEMENTS--GENERAL INFORMATION | |
| fixed length control field | 011029n2001 000 0 eng u |
| 035 ## - SYSTEM CONTROL NUMBER | |
| System control number | (Sirsi) u115363 |
| 100 ## - MAIN ENTRY--PERSONAL NAME | |
| Personal name | Mellor, A |
| 245 ## - TITLE STATEMENT | |
| Title | Minimise the risks |
| 260 ## - PUBLICATION, DISTRIBUTION, ETC. | |
| Date of publication, distribution, etc. | 2001 |
| 490 ## - SERIES STATEMENT | |
| Series statement | Estates Gazette |
| Volume/sequential designation | (0142) 20 October 2001, 132-133(2) |
| 520 ## - SUMMARY, ETC. | |
| Summary, etc. | Feature on how legal indemnity insurance can protect developers and investors against property title defects. Looks at the two different types of policy, conventional and title, what they provide, and the risks they protect against which include financial losses, abortive costs and alterations, demolition and reinstatement. Outlines factors to consider when deciding whether insurance is appropriate, the practicalities in arranging insurance and the cost of obtaining indemnity cover. Concludes that indemnity insurance can solve problems that may otherwise prevent developments. |
| 590 ## - LOCAL NOTE (RLIN) | |
| Local note | ABS |
| 650 ## - SUBJECT ADDED ENTRY--TOPICAL TERM | |
| Topical term or geographic name entry element | INDEMNITY INSURANCE |
| 650 ## - SUBJECT ADDED ENTRY--TOPICAL TERM | |
| Topical term or geographic name entry element | PLANNING ISSUES |
| 650 ## - SUBJECT ADDED ENTRY--TOPICAL TERM | |
| Topical term or geographic name entry element | TITLE INSURANCE |
| 650 ## - SUBJECT ADDED ENTRY--TOPICAL TERM | |
| Topical term or geographic name entry element | RISKS |
| 650 ## - SUBJECT ADDED ENTRY--TOPICAL TERM | |
| Topical term or geographic name entry element | COSTS |
| 650 ## - SUBJECT ADDED ENTRY--TOPICAL TERM | |
| Topical term or geographic name entry element | FINANCIAL LOSS |
| 650 ## - SUBJECT ADDED ENTRY--TOPICAL TERM | |
| Topical term or geographic name entry element | PROPERTY DEVELOPMENT |
| 650 ## - SUBJECT ADDED ENTRY--TOPICAL TERM | |
| Topical term or geographic name entry element | INSURANCE POLICIES |
| 690 ## - LOCAL SUBJECT ADDED ENTRY--TOPICAL TERM (OCLC, RLIN) | |
| Topical term or geographic name as entry element | PROPERTY |
| 700 ## - ADDED ENTRY--PERSONAL NAME | |
| Personal name | Noblet, S |
| 942 ## - ADDED ENTRY ELEMENTS (KOHA) | |
| Suppress in OPAC | 0 |
| Withdrawn status | Lost status | Source of classification or shelving scheme | Damaged status | Not for loan | Home library | Current library | Shelving location | Date acquired | Total Checkouts | Full call number | Barcode | Date last seen | Copy number | Price effective from | Koha item type |
|---|---|---|---|---|---|---|---|---|---|---|---|---|---|---|---|
| Dewey Decimal Classification | London | London | Journal article | 29/10/2001 | ABS64729 | 115363-1001 | 06/08/2019 | 1 | 06/08/2019 | Journal article |